Вып. 9; Сборник научно-методических статей по математике

Бібліографічні деталі
Parent link:Сборник научно-методических статей по математике/ СССР, Министерство высшего и среднего специального образования. Вып. 9.— , 1971-1991
Мова:Російська
Опубліковано: 1981
Предмети:
Формат: MixedMaterials Книга
KOHA link:https://koha.lib.tpu.ru/cgi-bin/koha/opac-detail.pl?biblionumber=310617

MARC

LEADER 00000nam2a2200000 4500
001 310617
005 20231102002315.0
035 |a (RuTPU)RU\TPU\book\335967 
035 |a RU\TPU\book\297620 
090 |a 310617 
100 |a 20151126d1981 km y0rusy50 ca 
101 0 |a rus 
102 |a RU 
105 |a a z 001zy 
200 0 |a Вып. 9 
210 |d 1981 
215 |a 144 с.  |c ил. 
320 |a Библиография в конце статей 
461 1 |0 (RuTPU)RU\TPU\book\307396  |t Сборник научно-методических статей по математике  |f СССР, Министерство высшего и среднего специального образования  |v Вып. 9  |d 1971-1991 
606 1 |a Математика  |2 stltpush  |3 (RuTPU)RU\TPU\subj\67327  |9 83171 
610 1 |a учебные планы 
610 1 |a математическая подготовка 
610 1 |a учебные программы 
610 1 |a преподавание 
610 1 |a математическое образование 
610 1 |a подготовительные курсы 
610 1 |a технические средства 
610 1 |a применение ЭВМ 
610 1 |a телевизионные курсы 
610 1 |a приближенные вычисления 
675 |a 51  |v 4 
801 1 |a RU  |b 63413507  |c 20141105 
801 2 |a RU  |b 63413507  |c 20190925  |g RCR 
942 |c BK